[Event "Oberliga Bayern 1617"]
[Site "Bayern"]
[Date "2016.11.20"]
[Round "2.8"]
[White "Smekal, Ralf"]
[Black "Schuetz, Guenter"]
[Result "1/2-1/2"]
[WhiteElo "1819"]
[BlackElo "2027"]
[PlyCount "119"]
[EventDate "2016.10.16"]
[EventType "team-tourn"]
[EventRounds "9"]
[EventCountry "GER"]
[SourceTitle "EXT 2019"]
[Source "ChessBase"]
[SourceDate "2018.10.10"]
[SourceVersion "1"]
[SourceVersionDate "2018.10.10"]
[SourceQuality "1"]
[WhiteTeam "Regensburg Post/Sued"]
[BlackTeam "Bayern Muenchen II"]
[WhiteTeamCountry "GER"]
[BlackTeamCountry "GER"]

1. d4 f5 2. e4 fxe4 3. Nc3 Nf6 4. Bg5 Nc6 5. f3 d5 6. Bb5 Bf5 7. fxe4 Nxe4 8. Nxe4 Bxe4 9. Nf3 Qd6 10. 0-0 Qg6 11. Qd2 Bxf3 12. Rxf3 0-0-0 13. Bxc6 Qxc6 14. Re1 Re8 15. Qa5 e5 16. Qxa7 e4 17. Rf7 Qa6 18. Qxa6 bxa6 19. Bf4 Re7 20. Rxe7 Bxe7 21. Be3 Bf6 22. Kf2 Kd7 23. Ke2 Rb8 24. b3 Ke6 25. Rc1 Rf8 26. c4 c6 27. cxd5+ Kxd5 28. Rc5+ Kd6 29. Bf4+ Kd7 30. Ke3 Bxd4+ 31. Kxd4 Rxf4 32. Ke3 Rf1 33. Ra5 Re1+ 34. Kf2 Rb1 35. Ke3 Rb2 36. g3 Kd6 37. Kxe4 Rxh2 38. Rxa6 g6 39. Ra4 Re2+ 40. Kf4 c5 41. Ra7 Rf2+ 42. Ke3 Rc2 43. Kf4 Kd5 44. Rd7+ Ke6 45. Rxh7 Rxa2 46. Rg7 Kf6 47. Rb7 Rf2+ 48. Kg4 Rd2 49. Rb6+ Kg7 50. Rb5 Rd4+ 51. Kf3 Rd3+ 52. Kg4 Rc3 53. Kf4 Kf6 54. Rb6+ Kf7 55. g4 Rd3 56. Kg5 Rd5+ 57. Kf4 g5+ 58. Ke4 Rd4+ 59. Kf5 Rd5+ 60. Ke4 1/2-1/2

[Event "Landesliga Nord 0607"]
[Site "Bayern"]
[Date "2006.10.15"]
[Round "1.6"]
[White "Smekal, Ralf"]
[Black "Jell, Klaus"]
[Result "0-1"]
[WhiteElo "2018"]
[BlackElo "2176"]
[PlyCount "78"]
[EventDate "2006.10.15"]
[EventType "team-tourn"]
[EventRounds "9"]
[EventCountry "GER"]
[SourceTitle "EXT 2008"]
[Source "ChessBase"]
[SourceDate "2007.11.25"]
[SourceVersion "1"]
[SourceVersionDate "2007.11.25"]
[SourceQuality "1"]
[WhiteTeam "Neutraubling"]
[BlackTeam "Regensburg Fortuna II"]
[WhiteTeamCountry "GER"]
[BlackTeamCountry "GER"]

1. d4 f5 2. e4 fxe4 3. Nc3 Nf6 4. Bg5 g6 5. f3 e3 6. Bxe3 d5 7. Bd3 c5 8. dxc5 Nc6 9. Nge2 Bg7 10. Qd2 0-0 11. Bh6 e5 12. Bxg7 Kxg7 13. 0-0-0 Qa5 14. a3 Qxc5 15. h4 h6 16. g4 e4 17. g5 exd3 18. gxf6+ Rxf6 19. Qxd3 Be6 20. f4 Rd8 21. h5 Bf5 22. Qf3 Re6 23. Ng3 Nd4 24. Nxf5+ Nxf5 25. Rxd5 Rxd5 26. Qxd5 Qxd5 27. Nxd5 Ng3 28. Rh3 Nxh5 29. Rb3 b6 30. Rc3 Re4 31. Rc7+ Kf8 32. Rxa7 Nxf4 33. Nxb6 Re6 34. Nd7+ Kg8 35. c4 h5 36. c5 h4 37. Ra4 g5 38. Rc4 h3 39. Kd2 Re2+ 0-1

[Event "Landesliga Nord 0203"]
[Site "Bayern"]
[Date "2002.12.15"]
[Round "3.7"]
[White "Auburger, Philipp"]
[Black "Smekal, Ralf"]
[Result "1/2-1/2"]
[WhiteElo "1772"]
[BlackElo "1990"]
[PlyCount "41"]
[EventDate "2002.10.20"]
[EventType "team-tourn"]
[EventRounds "9"]
[EventCountry "GER"]
[SourceTitle "EXT 2004"]
[Source "ChessBase"]
[SourceDate "2003.11.25"]
[SourceVersion "1"]
[SourceVersionDate "2003.11.25"]
[SourceQuality "1"]
[WhiteTeam "Forchheim II"]
[BlackTeam "Neutraubling"]
[WhiteTeamCountry "GER"]
[BlackTeamCountry "GER"]

1. e4 d5 2. exd5 Nf6 3. Nc3 Nxd5 4. Bc4 c6 5. Nf3 Bg4 6. h3 Be6 7. Ng5 Nxc3 8. Nxe6 Nxd1 9. Nxd8 Kxd8 10. Kxd1 e6 11. d4 Bd6 12. Re1 Nd7 13. Bd2 Kc7 14. Ke2 h6 15. Kf1 Rhf8 16. Rad1 Rae8 17. h4 Kc8 18. a4 Be7 19. g3 Bf6 20. Bb4 Be7 21. Bd2 1/2-1/2

[Event "Landesliga Nord 0001"]
[Site "Bayern"]
[Date "2001.02.18"]
[Round "6"]
[White "Smekal, Ralf"]
[Black "Link, Klaus"]
[Result "0-1"]
[WhiteElo "2030"]
[BlackElo "1915"]
[PlyCount "80"]
[EventDate "2000.10.15"]
[EventType "team-tourn"]
[EventRounds "9"]
[EventCountry "GER"]
[SourceTitle "EXT 2020"]
[Source "ChessBase"]
[SourceDate "2019.10.17"]
[SourceVersion "1"]
[SourceVersionDate "2019.10.17"]
[SourceQuality "1"]
[WhiteTeam "Neutraubling Wacker"]
[BlackTeam "Obernburg"]
[WhiteTeamCountry "GER"]
[BlackTeamCountry "GER"]

1. d4 Nf6 2. c4 c5 3. d5 b5 4. cxb5 a6 5. bxa6 Bxa6 6. Nc3 g6 7. Bd2 Bg7 8. Nf3 d6 9. Qc1 Nbd7 10. e4 Bxf1 11. Kxf1 Ng4 12. h3 Nge5 13. Bh6 0-0 14. h4 Qb6 15. Rb1 Bxh6 16. Qxh6 Ng4 17. Qf4 h5 18. Ng5 c4 19. Nh3 Qd4 20. Rd1 Qb6 21. Rd2 Nde5 22. f3 f5 23. exf5 Rxf5 24. Qd4 Qxd4 25. Rxd4 Nd3 26. Rxc4 Ne3+ 27. Ke2 Nxc4 28. Kxd3 Nxb2+ 29. Kc2 Na4 30. Rd1 Nxc3 31. Kxc3 Rxa2 32. Rd2 Rxd2 33. Kxd2 Rxd5+ 34. Ke3 Kf7 35. Nf4 Re5+ 36. Kf2 Rf5 37. Ne2 Kf6 38. g3 Ra5 39. Nd4 Ra2+ 40. Ke3 Rg2 0-1

[Event "Landesliga Nord 9900"]
[Site "Bayern"]
[Date "2000.01.30"]
[Round "5.5"]
[White "Smekal, Ralf"]
[Black "Schlickenrieder, Gerhard"]
[Result "1-0"]
[WhiteElo "2025"]
[BlackElo "2175"]
[PlyCount "195"]
[EventDate "1999.10.10"]
[EventType "team-tourn"]
[EventRounds "9"]
[EventCountry "GER"]
[SourceTitle "EXT 2020"]
[Source "ChessBase"]
[SourceDate "2019.10.17"]
[SourceVersion "1"]
[SourceVersionDate "2019.10.17"]
[SourceQuality "1"]
[WhiteTeam "Neutraubling"]
[BlackTeam "Obernburg"]
[WhiteTeamCountry "GER"]
[BlackTeamCountry "GER"]

1. d4 Nf6 2. c4 g6 3. Nc3 Bg7 4. e4 d6 5. f3 0-0 6. Bg5 h6 7. Be3 c6 8. Qd2 e5 9. d5 Kh7 10. Bd3 Na6 11. Nge2 Qc7 12. g4 Bd7 13. Ng3 cxd5 14. Nxd5 Nxd5 15. exd5 Nc5 16. Bc2 e4 17. Bxe4 Nxe4 18. Nxe4 f5 19. gxf5 gxf5 20. Ng3 Qxc4 21. Rc1 Qh4 22. f4 Rae8 23. 0-0 Bb5 24. Rfe1 a6 25. Rc7 Re7 26. Qc2 Bd3 27. Rxe7 Bxc2 28. Bd4 Rg8 29. Rxb7 Qxf4 30. Bxg7 Qg4 31. Bc3+ Kg6 32. Re6+ Kg5 33. Bf6+ Kf4 34. Rb4+ Be4 35. Rexe4+ fxe4 36. Rxe4+ Kf3 37. Rxg4 Kxg4 38. Bc3 Kf3 39. Bd2 h5 40. Kf1 Rf8 41. Nxh5 Kg4+ 42. Nf4 Rb8 43. b4 Kf3 44. Ke1 Rg8 45. Kd1 Rg1+ 46. Kc2 Ra1 47. Kb2 Rd1 48. Bc1 Rh1 49. h3 Ke4 50. a3 Kd4 51. Kb3 Ke4 52. Bd2 Kd4 53. Bc3+ Ke4 54. Bd2 Kd4 55. a4 Ke4 56. Ne6 Kxd5 57. Nc7+ Kc6 58. Nxa6 Rxh3+ 59. Bc3 Kb6 60. b5 d5 61. Kc2 Rf3 62. Nb4 Kc5 63. Nd3+ Kb6 64. Bd4+ Ka5 65. Nc5 Rh3 66. Bc3+ Kb6 67. Nb3 Rh2+ 68. Kd3 Rh3+ 69. Kc2 Rh2+ 70. Bd2 Rg2 71. Kd3 Rg4 72. Be3+ Kc7 73. b6+ Kb8 74. Nd4 Kb7 75. Nb5 Rg6 76. Nc3 Rg4 77. a5 Rh4 78. Bd2 Rh3+ 79. Kd4 Rh4+ 80. Kxd5 Rh5+ 81. Kc4 Rh4+ 82. Kb3 Rh2 83. Be3 Rh3 84. Bd4 Rh4 85. Kc4 Rh5 86. Nd5 Rf5 87. Bc3 Rh5 88. Bd4 Rh4 89. Nc3 Rh5 90. Bc5 Rh1 91. Kb5 Rf1 92. a6+ Kb8 93. a7+ Kb7 94. Ka5 Ra1+ 95. Na4 Rb1 96. Bd4 Ka8 97. Ka6 Rxb6+ 98. Nxb6# 1-0

[Event "Landesliga Nord 9900"]
[Site "Bayern"]
[Date "1999.11.07"]
[Round "2.5"]
[White "Smekal, Ralf"]
[Black "Saathoff, Richard"]
[Result "1/2-1/2"]
[WhiteElo "2030"]
[BlackElo "2145"]
[PlyCount "80"]
[EventDate "1999.10.10"]
[EventType "team-tourn"]
[EventRounds "9"]
[EventCountry "GER"]
[SourceTitle "EXT 2020"]
[Source "ChessBase"]
[SourceDate "2019.10.17"]
[SourceVersion "1"]
[SourceVersionDate "2019.10.17"]
[SourceQuality "1"]
[WhiteTeam "Neutraubling"]
[BlackTeam "Erlangen TB"]
[WhiteTeamCountry "GER"]
[BlackTeamCountry "GER"]

1. d4 Nf6 2. c4 g6 3. Nc3 Bg7 4. e4 d6 5. f3 0-0 6. Bg5 c5 7. d5 e6 8. Nge2 exd5 9. Nxd5 Be6 10. Nec3 Nbd7 11. Qd2 Re8 12. Be2 a6 13. 0-0 Qa5 14. Rab1 Rab8 15. Rfd1 h5 16. Nxf6+ Nxf6 17. Qxd6 Rbd8 18. Qg3 Rxd1+ 19. Rxd1 Qb4 20. Nd5 Bxd5 21. cxd5 Qxb2 22. Kf1 b5 23. Qd6 c4 24. Qxa6 Qe5 25. Be3 Nxe4 26. fxe4 Qxe4 27. Qxb5 Qxe3 28. Qxc4 Be5 29. Rd3 Qg5 30. h4 Qe7 31. Re3 Qa7 32. Rf3 Bh2 33. Rf2 Rd8 34. Bd3 Qb7 35. Qc2 Qxd5 36. Bc4 Qd1+ 37. Qxd1 Rxd1+ 38. Ke2 Rd7 39. Rf3 Kg7 40. a4 Bc7 1/2-1/2

[Event "Landesliga Nord 9899"]
[Site "Bayern"]
[Date "1999.03.14"]
[Round "6.5"]
[White "Smekal, Ralf"]
[Black "Basel, Matthias"]
[Result "1-0"]
[WhiteElo "2015"]
[BlackElo "2025"]
[PlyCount "95"]
[EventDate "1998.10.11"]
[EventType "team-tourn"]
[EventRounds "9"]
[EventCountry "GER"]
[SourceTitle "EXT 2020"]
[Source "ChessBase"]
[SourceDate "2019.10.17"]
[SourceVersion "1"]
[SourceVersionDate "2019.10.17"]
[SourceQuality "1"]
[WhiteTeam "Neutraubling"]
[BlackTeam "Kitzingen SC"]
[WhiteTeamCountry "GER"]
[BlackTeamCountry "GER"]

1. d4 Nf6 2. c4 g6 3. Nc3 Bg7 4. e4 d6 5. f3 0-0 6. Bg5 h6 7. Be3 e5 8. d5 Nh5 9. Nge2 f5 10. Qd2 Kh7 11. Nc1 a5 12. Nd3 b6 13. Be2 Na6 14. exf5 gxf5 15. g4 e4 16. fxe4 fxg4 17. 0-0-0 Qe7 18. Rdg1 Nf6 19. Nf2 Nc5 20. Bd1 Ncd7 21. Nxg4 Nxg4 22. Bxg4 Ne5 23. Be2 a4 24. Rg3 Bd7 25. Rhg1 Rg8 26. Kc2 Qh4 27. Bf2 Qf6 28. Bd4 Qh4 29. Bf2 Qf6 30. Bd4 Qh4 31. Bf1 Bf6 32. Rxg8 Rxg8 33. Rxg8 Kxg8 34. Qg2+ Kf7 35. Be2 Nxc4 36. Bf2 Qf4 37. Bxc4 Bg5 38. Bd4 Qc1+ 39. Kd3 Bh3 40. Qf2+ Ke8 41. Bb5+ Ke7 42. Kc4 a3 43. Kb3 axb2 44. Qxb2 Qe1 45. Qf2 Qc1 46. Bg7 Bf4 47. Qh4+ Kf7 48. Qf6+ 1-0

[Event "Landesliga Nord 9899"]
[Site "Bayern"]
[Date "1999.02.07"]
[Round "5.6"]
[White "Smekal, Ralf"]
[Black "Sterk, Joachim"]
[Result "1/2-1/2"]
[WhiteElo "2015"]
[BlackElo "2020"]
[PlyCount "85"]
[EventDate "1998.10.11"]
[EventType "team-tourn"]
[EventRounds "9"]
[EventCountry "GER"]
[SourceTitle "EXT 2020"]
[Source "ChessBase"]
[SourceDate "2019.10.17"]
[SourceVersion "1"]
[SourceVersionDate "2019.10.17"]
[SourceQuality "1"]
[WhiteTeam "Neutraubling"]
[BlackTeam "Obernburg"]
[WhiteTeamCountry "GER"]
[BlackTeamCountry "GER"]

1. d4 d5 2. Bf4 Nf6 3. Nf3 e6 4. e3 c5 5. dxc5 Bxc5 6. Bd3 Nbd7 7. Nbd2 0-0 8. c4 Nb6 9. 0-0 dxc4 10. Nxc4 Nxc4 11. Bxc4 Qxd1 12. Rfxd1 Bd7 13. Ne5 Rfd8 14. Nxd7 Rxd7 15. Rxd7 Nxd7 16. Rd1 Nb6 17. Be2 Nd5 18. Bf3 Nxf4 19. exf4 Bb6 20. Bxb7 Rd8 21. Rxd8+ Bxd8 22. Be4 h6 23. f5 exf5 24. Bxf5 h5 25. Kf1 h4 26. Ke2 Bb6 27. Kf3 Kf8 28. g3 Ke7 29. Kg4 Bxf2 30. Kxh4 Kf6 31. Kg4 Be3 32. Bd3 a5 33. Kf3 Bc1 34. b3 g5 35. Bc4 Kg6 36. Bd5 f5 37. h3 Kf6 38. Bc4 Ke5 39. Bg8 Bd2 40. Bf7 Bb4 41. Bc4 Bc5 42. Bg8 Bb4 43. Bc4 1/2-1/2

[Event "Landesliga Nord 9899"]
[Site "Bayern"]
[Date "1999.01.17"]
[Round "4.6"]
[White "Riedl, Helmut"]
[Black "Smekal, Ralf"]
[Result "1-0"]
[WhiteElo "2050"]
[BlackElo "2015"]
[PlyCount "115"]
[EventDate "1998.10.11"]
[EventType "team-tourn"]
[EventRounds "9"]
[EventCountry "GER"]
[SourceTitle "EXT 2020"]
[Source "ChessBase"]
[SourceDate "2019.10.17"]
[SourceVersion "1"]
[SourceVersionDate "2019.10.17"]
[SourceQuality "1"]
[WhiteTeam "Kronach"]
[BlackTeam "Neutraubling"]
[WhiteTeamCountry "GER"]
[BlackTeamCountry "GER"]

1. d4 d5 2. Nf3 Nf6 3. Bf4 e6 4. e3 Bd6 5. Bd3 Bxf4 6. exf4 Qd6 7. g3 b6 8. 0-0 Bb7 9. Nbd2 0-0 10. c3 Nbd7 11. Ne5 c5 12. Ndf3 Rac8 13. Re1 Ne4 14. Ng5 Nxg5 15. fxg5 Nxe5 16. dxe5 Qc6 17. Qh5 g6 18. Qg4 c4 19. Bc2 Qc5 20. Rad1 Rfd8 21. Rd4 Qf8 22. h4 h5 23. gxh6 Qxh6 24. h5 Qxh5 25. Qf4 Qh7 26. Kg2 Kf8 27. Rh1 Qg7 28. Qg5 b5 29. Rh6 Ke8 30. Bxg6 fxg6 31. Rxg6 Qe7 32. Rg8+ Kd7 33. Rg7 Re8 34. Kf1 Qxg7 35. Qxg7+ Re7 36. Qf6 Rc7 37. f4 Kc6 38. Qf8 a5 39. f5 exf5 40. Qf6+ Kd7 41. Qxf5+ Ke8 42. Qh5+ Kd8 43. Rf4 Rcd7 44. Rf8+ Kc7 45. Qf5 Bc6 46. Kf2 d4 47. cxd4 Bd5 48. Qg6 Kb7 49. Ke2 b4 50. Rf6 c3 51. bxc3 bxc3 52. Rb6+ Kc7 53. Rd6 Bc4+ 54. Ke3 Bxa2 55. Rc6+ Kd8 56. Rxc3 Bd5 57. Qb6+ Rc7 58. Qb8+ 1-0

[Event "Landesliga Nord 9899"]
[Site "Bayern"]
[Date "1998.10.11"]
[Round "1.6"]
[White "Weigert, Wilhelm"]
[Black "Smekal, Ralf"]
[Result "1-0"]
[WhiteElo "2045"]
[BlackElo "2015"]
[PlyCount "81"]
[EventDate "1998.10.11"]
[EventType "team-tourn"]
[EventRounds "9"]
[EventCountry "GER"]
[SourceTitle "EXT 2020"]
[Source "ChessBase"]
[SourceDate "2019.10.17"]
[SourceVersion "1"]
[SourceVersionDate "2019.10.17"]
[SourceQuality "1"]
[WhiteTeam "Kelheim"]
[BlackTeam "Neutraubling"]
[WhiteTeamCountry "GER"]
[BlackTeamCountry "GER"]

1. c4 c6 2. e4 d5 3. cxd5 cxd5 4. exd5 Nf6 5. Nc3 Nxd5 6. d4 e6 7. Nf3 Nc6 8. Bd3 Be7 9. 0-0 0-0 10. Re1 a6 11. Ne4 b5 12. Bd2 Bb7 13. Rc1 Ndb4 14. Bxb4 Nxb4 15. Bb1 Rc8 16. Rxc8 Qxc8 17. a3 Nd5 18. Neg5 g6 19. h4 Qd8 20. Qd2 Nf6 21. Ne5 Bd5 22. Re3 Nh5 23. Rh3 Bxg5 24. hxg5 f5 25. f4 Qe7 26. Bd3 Qa7 27. Be2 Ng7 28. Rc3 Rd8 29. Rc5 Bxg2 30. Qc3 Bb7 31. Bd1 Qb6 32. Bb3 Qd6 33. Rc7 Be4 34. d5 Bxd5 35. Rxg7+ Kxg7 36. Nc4+ Kf8 37. Nxd6 Rxd6 38. Qc7 Rc6 39. Qd8+ Kf7 40. Bxd5 exd5 41. Qd7+ 1-0